Statistical technique in agricultural research (Record no. 42931)

MARC details
000 -LEADER
fixed length control field 00364nam a2200133Ia 4500
020 ## - INTERNATIONAL STANDARD BOOK NUMBER
ISBN 8188818127
082 ## - DEWEY DECIMAL CLASSIFICATION NUMBER
Classification number 31:63
Item number PAT;1
100 ## - MAIN ENTRY--AUTHOR NAME
Personal name Paterson, D D
245 #0 - TITLE STATEMENT
Title Statistical technique in agricultural research
260 ## - PUBLICATION, DISTRIBUTION, ETC. (IMPRINT)
Place of publication Jodhpur
Name of publisher J V Publishing House
Year of publication 2008
650 ## - SUBJECT ADDED ENTRY--TOPICAL TERM
Topical Term Regression analysis
942 ## - ADDED ENTRY ELEMENTS (KOHA)
Koha item type Books
Holdings
Withdrawn status Lost status Damaged status Not for loan Home library Current library Date acquired Cost, normal purchase price Full call number Accession Number Koha item type
        RRII Library RRII Library 16/12/2021 595.00 31:63 PAT;1 23195 Books